| 000 | 00767nam a2200253Ia 4500 | ||
|---|---|---|---|
| 001 | 21911 | ||
| 005 | 20260320113324.0 | ||
| 008 | 260320s9999||||xx |||||||||||||| ||und|| | ||
| 022 | _a11399287 | ||
| 041 | _aESP | ||
| 082 |
_aHR 616.89 V. 31 N° 2 2003 _bAEP |
||
| 100 |
_aLópez-Ibor Aliño, Juan José, _eDIR |
||
| 245 | 0 |
_aActas españolas de psiquiatría _b |
|
| 246 |
_a _5 _b |
||
| 260 |
_aMadrid : _bPsiquiatría Editores, _c2003 |
||
| 300 |
_a105 páginas : _bfiguras ; _c28 cm. _e |
||
| 440 |
_a _n _v |
||
| 650 | _aPSI | ||
| 653 | _aPsicología - Revista | ||
| 654 | _aCPS | ||
| 700 |
_a _c |
||
| 856 |
_uhttps://accessmedicina-mhmedical-com.ucsp.lookproxy.com/ _zVéase además: Base de datos McGraw Hill Access Medicina |
||
| 942 |
_cREV _dJUS _fTRC _2ddc _n |
||
| 999 |
_c21911 _d21911 |
||